Tahli thalay (Record no. 16791)
[ view plain ]
| 000 -LEADER | |
|---|---|
| fixed length control field | 00416nam a22001817a 4500 |
| 003 - CONTROL NUMBER IDENTIFIER | |
| control field | NUST |
| 008 - FIXED-LENGTH DATA ELEMENTS--GENERAL INFORMATION | |
| fixed length control field | 140106t xxu||||| |||| 00| 0 eng d |
| 020 ## - INTERNATIONAL STANDARD BOOK NUMBER | |
| International Standard Book Number | 969-35-1628-9 |
| 038 ## - RECORD CONTENT LICENSOR | |
| Staff Name | ASAB |
| 082 ## - DEWEY DECIMAL CLASSIFICATION NUMBER | |
| Classification number | Fic |
| 100 ## - MAIN ENTRY--PERSONAL NAME | |
| Personal name | Ashfaq Ahmad |
| 9 (RLIN) | 3162 |
| 240 ## - UNIFORM TITLE | |
| Uniform title | Tahli Thalee |
| 245 ## - TITLE STATEMENT | |
| Title | Tahli thalay |
| 246 ## - VARYING FORM OF TITLE | |
| Title proper/short title | tahli talay |
| 260 ## - PUBLICATION, DISTRIBUTION, ETC. | |
| Place of publication, distribution, etc. | Lahore |
| Name of publisher, distributor, etc. | Sangemeel publications |
| Date of publication, distribution, etc. | 2011 |
| 300 ## - PHYSICAL DESCRIPTION | |
| Extent | 900 P |
| 942 ## - ADDED ENTRY ELEMENTS (KOHA) | |
| Source of classification or shelving scheme | |
| Koha item type | Book |
| Withdrawn status | Lost status | Source of classification or shelving scheme | Damaged status | Not for loan | Collection code | Permanent Location | Current Location | Date acquired | Total Checkouts | Full call number | Barcode | Date last seen | Price effective from | Koha item type |
|---|---|---|---|---|---|---|---|---|---|---|---|---|---|---|
| Atta-ur-Rahman School of Applied Biosciences (ASAB) | Atta-ur-Rahman School of Applied Biosciences (ASAB) | 01/06/2014 | Fic Ahmad | ASAB2287 | 01/06/2014 | 01/06/2014 | Book | |||||||
| Atta-ur-Rahman School of Applied Biosciences (ASAB) | Atta-ur-Rahman School of Applied Biosciences (ASAB) | 01/06/2014 | Fic Ahmad | ASAB2286 | 01/06/2014 | 01/06/2014 | Book | |||||||
| Atta-ur-Rahman School of Applied Biosciences (ASAB) | Atta-ur-Rahman School of Applied Biosciences (ASAB) | 01/06/2014 | Fic Ahmad | ASAB2285 | 01/06/2014 | 01/06/2014 | Book | |||||||
| Atta-ur-Rahman School of Applied Biosciences (ASAB) | Atta-ur-Rahman School of Applied Biosciences (ASAB) | 01/06/2014 | Fic Ahmad | ASAB2284 | 01/06/2014 | 01/06/2014 | Book | |||||||
| Atta-ur-Rahman School of Applied Biosciences (ASAB) | Atta-ur-Rahman School of Applied Biosciences (ASAB) | 01/06/2014 | Fic Ahmad | ASAB2283 | 10/14/2015 | 01/06/2014 | Book |
